Loading...
| Fine Arts - Visual Fine Arts | 0 | 2 | 0 | 1 | 20 | 141 | 146.50 | 0 | 2 |
| Science - Physics | 0 | 2 | 0 | 1 | 20 | 129 | 131.50 | 0 | 2 |
| Mythology | 1 | 1 | 1 | 1 | 20 | 59 | 103.50 | 0 | 2 |
| History - World History | 0 | 2 | 1 | 1 | 15 | 101 | 116.00 | 0 | 2 |
| Science - Chemistry | 0 | 2 | 2 | 0 | 10 | 145 | 145.00 | 0 | 2 |
| Other Academic | 0 | 1 | 0 | 0 | 10 | 144 | 144.00 | 0 | 1 |
| Literature - European Literature | 0 | 1 | 0 | 1 | 10 | 154 | 154.00 | 0 | 1 |
| Literature - World Literature | 0 | 1 | 0 | 0 | 10 | 111 | 111.00 | 1 | 1 |
| Fine Arts - Auditory Fine Arts | 0 | 2 | 2 | 1 | 10 | 137 | 140.50 | 0 | 2 |
| Social Science | 0 | 2 | 3 | 1 | 5 | 135 | 136.50 | 0 | 2 |
| History - American History | 0 | 1 | 1 | 1 | 5 | 140 | 140.00 | 0 | 1 |
| History - Ancient History | 0 | 1 | 1 | 1 | 5 | 147 | 147.00 | 0 | 1 |
| Philosophy | 0 | 1 | 1 | 0 | 5 | 150 | 150.00 | 0 | 1 |
| Literature - British Literature | 0 | 0 | 0 | 0 | 0 | 0.00 | 0 | 0 | |
| History - European History | 0 | 0 | 0 | 0 | 0 | 0.00 | 0 | 0 | |
| Literature - American Literature | 0 | 0 | 0 | 0 | 0 | 0.00 | 0 | 0 | |
| Science - Biology | 0 | 0 | 1 | 0 | -5 | 0.00 | 0 | 0 | |
| Current Events | 0 | 0 | 1 | 0 | -5 | 0.00 | 0 | 0 | |
| Religion | 0 | 1 | 3 | 0 | -5 | 132 | 132.00 | 1 | 1 |
| Geography | 0 | 0 | 2 | 0 | -10 | 0.00 | 0 | 0 | |
| Science - Other Science | 0 | 1 | 5 | 0 | -15 | 125 | 125.00 | 0 | 1 |